000 01122nam a2200241 a 4500
001 64603
003 BD-RjUL
005 20211209081327.0
008 170216s1958 ii ||||| |||| 00| 0 ben d
020 _c: Tk. 1.00
035 _a(BD-RjUL)64733
040 _aBD-RjUL
_bben
_cBD-RjUL
_dBD-RjUL
041 _aben
082 _223
_a891.4409
_bBAD 1958
100 _aবন্দ্যোপাধ্যায়, ব্রজেন্দ্রনাথ
_9191609
245 1 0 _aদ্বিজেন্দ্রনাথ ঠাকুর, কালীপ্রসন্ন ঘোষ, নগেন্দ্রনাথ গুপ্ত /
_cব্রজেন্দ্রনাথ বন্দ্যোপাধ্যায়
250 _a২য় সং.
260 _aকলিকাতা :
_bবঙ্গীয়-সাহিত্য-পরিষৎ,
_c১৯৫৮
300 _a১৬২ পৃ. ;
_c১৭ সেমি.
650 _aবাংলা সাহিত্য
_xইতিহাস ও সমালোচনা
_9179529
650 _aBengali Literature
_xHistory and Criticism
_9188646
942 _2ddc
_cBK
999 _c64603
_d64603